Esquemas de metodología histórico eclesiástica

Na minha lista:
Detalhes bibliográficos
Autor principal: Vives, José (colaboración, dirección)
Formato: Livro
Idioma:espanhol
Publicado em: Barcelona Consejo Superior de Investigaciones Científicas 1947
Assuntos:
Tags: Adicionar Tag
Sem tags, seja o primeiro a adicionar uma tag!

MARC

LEADER 00000nam a2200000 a 4500
001 UCY6982
003 CL-VaPUC
008 950602e19470000SP |||||||||||||||||spa|d
082 0 4 |a 011  |b VIV  |2 21 
100 |a Vives, José  |e colaboración   |e dirección   |9 337255 
245 1 0 |a Esquemas de metodología histórico eclesiástica 
300 |a 84 p 
942 |c BK 
945 |d 19950602 00:00:00  |a cmena 
260 |a Barcelona  |b Consejo Superior de Investigaciones Científicas  |c 1947 
650 0 |a Bibliografías   |9 257071 
650 0 |a Métodos de investigación   |9 262618 
650 0 |a Teología   |9 258766 
650 0 |a Religión   |9 255164 
650 0 |a Filosofía   |9 223554 
650 0 |a Metodología   |9 256610 
583 |a last modification  |c 19950602 00:00:00  |k Rodrigo Vera 
999 |c 234459  |d 234457 
952 |0 0  |1 0  |4 0  |6 011_000000000000000_VIV_1947  |7 0  |8 P  |9 240797  |a BIBEDU  |b BIBEDU  |c BIBEDU_PB  |d 2019-11-18  |i 1515543  |o 011 VIV 1947  |p 1515543  |r 2024-01-25  |w 2019-11-18  |y BK  |k EDU